Návrh vybraných častí ZTI s využitím zrážkovej vody pre objekt školy
Na minha lista:
| Autor principal: | |
|---|---|
| Outros Autores: | |
| Formato: | Manuscrito Livro |
| Idioma: | eslovaco |
| Publicado em: |
2025
|
| Assuntos: | |
| Acesso em linha: | http://is.stuba.sk/zp/portal_zp.pl?podrobnosti=184693 CRZP |
| Tags: |
Sem tags, seja o primeiro a adicionar uma tag!
|
MARC
| LEADER | 00000ntm a22000003a 4500 | ||
|---|---|---|---|
| 001 | stuzp104203 | ||
| 003 | SK-STU | ||
| 005 | 20250801110746.7 | ||
| 007 | ta | ||
| 008 | 150427s2015----xo-----f-mn---000-0-slo-d | ||
| 040 | |a STU |b slo | ||
| 041 | 0 | |a slo | |
| 100 | 1 | |a Školudová, Sabína |u 010290 |4 aut |U SvF Stavebná fakulta |T SvF Katedra technických zariadení budov |X 104783 |U V290 |Y 31 |7 104783 | |
| 242 | 0 | 1 | |a Design of Plumbing Installations for a School Building With the Utilization of Rainwater |y eng |
| 245 | 1 | 0 | |a Návrh vybraných častí ZTI s využitím zrážkovej vody pre objekt školy |
| 260 | |c 2025 | ||
| 650 | 4 | |a non-potable water |2 eng | |
| 650 | 4 | |a storage tank |2 eng | |
| 650 | 4 | |a rainfall |2 eng | |
| 650 | 4 | |a rainwater |2 eng | |
| 650 | 4 | |a zrážková voda |2 slo | |
| 650 | 4 | |a akumulačná nádrž |2 slo | |
| 650 | 4 | |a úhrn zrážok |2 slo | |
| 650 | 4 | |a úžitková voda |2 slo | |
| 700 | 1 | |a Peráčková, Jana |u 010290 |k Z1 |4 ths |U SvF Stavebná fakulta |T SvF Katedra technických zariadení budov |X 2739 |U V290 |Y 31 |7 A000002739 | |
| 856 | 4 | |u http://is.stuba.sk/zp/portal_zp.pl?podrobnosti=184693 | |
| 856 | 4 | |u https://opac.crzp.sk/?fn=detailBiblioForm&sid=809C367C54749DCAA343ACFF7E5A |z CRZP | |